Bonne orthographe #1 Mort Subite - Statistiques

Statistiques générales
  • Ce quiz a été pris 993 fois
    540 depuis la dernière actualisation
  • Le résultat moyen est 4 sur 20
Answers on the Grid
Answers color-coded by a green-red scale on the quiz's grid according to % correct below.
Dédicasse
Teknival
Discution
Apophtegme
Dithyrambique
Solennel
Pronosthiqué
Bérylium
Smaragdin
Acidcore
Clostrophobie
Diagnostic
Penthéon
Escalier
Schiltigheim
Abscons
Participassion
Epannadiplose
Cacochyme
Haffiquet
Mississippi
Avunculaire
Cajibi
Cauchemard
Privadois
Mécanique
Actionariat
Garguantuesque
Pyramide
Bombon
Quintessence
Nycthémère
Bassequette
Zygomathiques
Galéjade
Hypocondriaque
 
Statistiques - réponses
Réponse % Correct
Pyramide
58%
Escalier
57%
Mécanique
50%
Diagnostic
47%
Hypocondriaque
31%
Solennel
31%
Mississippi
29%
Quintessence
26%
Dithyrambique
15%
Abscons
9%
Galéjade
8%
Nycthémère
7%
Schiltigheim
7%
Cacochyme
6%
Apophtegme
4%
Privadois
4%
Teknival
3%
Acidcore
2%
Avunculaire
2%
Smaragdin
1%
Aucun quiz correspondant
Distribution des résultats
% des personnes avec chaque résultat
Percentile par nombre de réponses
Votre historique - résultats
Vous n’avez pas pris ce quiz depuis la dernière actualisation